Normal view
MARC view
Entry Personal Name
001 - CONTROL NUMBER
- control field: 51677
003 - CONTROL NUMBER IDENTIFIER
- control field: ARRUPE
005 - DATE AND TIME OF LATEST TRANSACTION
- control field: 20220519115746.0
008 - FIXED-LENGTH DATA ELEMENTS
- fixed length control field: 220519|| aca||aabn | a|a d
040 ## - CATALOGING SOURCE
- Original cataloging agency: ARRUPE
- Transcribing agency: ARRUPE
100 ## - HEADING--PERSONAL NAME
- Personal name: Barnes, Michael Horace
670 ## - SOURCE DATA FOUND
- Source citation: Work cat.: (ARRUPE)8593: Barnes, Michael Horace, In the presence of mystery, 1984